000 01636nam a2200409Ia 4500
001 ebr10533608
003 CaPaEBR
006 m u
007 cr cn|||||||||
008 110719s2012 nju sb 001 0 eng d
010 _z 2011026832
020 _z9780691152738
020 _z9780691155074
020 _z9780691155128
020 _z9781400842193
040 _aCaPaEBR
_cCaPaEBR
035 _a(OCoLC)785782320
050 1 4 _aPR595.V4
_bM37 2012eb
082 0 4 _a821/.809
_223
100 1 _aMartin, Meredith,
_d1976-
245 1 4 _aThe rise and fall of meter
_h[electronic resource] :
_bpoetry and English national culture, 1860-1930 /
_cMeredith Martin.
246 3 _aPoetry and English national culture, 1860-1930
250 _a1st ed.
260 _aPrinceton, NJ :
_bPrinceton University Press,
_cc2012.
300 _ax, 274 p.
504 _aIncludes bibliographical references and index.
533 _aElectronic reproduction.
_bPalo Alto, Calif. :
_cebrary,
_d2011.
_nAvailable via World Wide Web.
_nAccess may be limited to ebrary affiliated libraries.
650 0 _aEnglish poetry
_y19th century
_xHistory and criticism.
650 0 _aEnglish poetry
_y20th century
_xHistory and criticism.
650 0 _aEnglish language
_xVersification.
650 0 _aNational characteristics, English, in literature.
650 0 _aPoetics
_xHistory
_y19th century.
650 0 _aPoetics
_xHistory
_y20th century.
655 7 _aElectronic books.
_2local
710 2 _aebrary, Inc.
856 4 0 _uhttp://site.ebrary.com/lib/rucke/Doc?id=10533608
_zAn electronic book accessible through the World Wide Web; click to view
999 _c148292
_d148292